Punjabi Grammar (Record no. 13581)
[ view plain ]
| 000 -LEADER | |
|---|---|
| fixed length control field | 00341nam a22001457a 4500 |
| 020 ## - INTERNATIONAL STANDARD BOOK NUMBER | |
| International Standard Book Number | 9789698611170 |
| 082 ## - DEWEY DECIMAL CLASSIFICATION NUMBER | |
| Classification number | 491.42 SAF |
| 100 ## - MAIN ENTRY--PERSONAL NAME | |
| Personal name | Safdar, Ali Shah Dr. |
| 245 ## - TITLE STATEMENT | |
| Title | Punjabi Grammar |
| 260 ## - PUBLICATION, DISTRIBUTION, ETC. | |
| Place of publication, distribution, etc. | Islamabad |
| Name of publisher, distributor, etc. | NUST Publishing |
| Date of publication, distribution, etc. | 2015 |
| 300 ## - PHYSICAL DESCRIPTION | |
| Extent | xx, 167 p. |
| 500 ## - GENERAL NOTE | |
| General note | Includes index |
| 650 ## - SUBJECT ADDED ENTRY--TOPICAL TERM | |
| Topical term or geographic name entry element | 1. Grammar Punjabi |
| 942 ## - ADDED ENTRY ELEMENTS (KOHA) | |
| Koha item type | Book |
| Withdrawn status | Lost status | Source of classification or shelving scheme | Damaged status | Not for loan | Permanent Location | Current Location | Shelving location | Date acquired | Source of acquisition | Full call number | Barcode | Date last seen | Price effective from | Koha item type |
|---|---|---|---|---|---|---|---|---|---|---|---|---|---|---|
| Central Library (CL) | Central Library (CL) | General Stacks | 04/29/2016 | Donation | 491.425 SHA | SEECSD01271 | 05/11/2016 | 05/11/2016 | Book | |||||
| Central Library (CL) | Central Library (CL) | General Stacks | 04/29/2016 | Donation | 491.425 SHA | SEECSD01272 | 12/30/2020 | 05/11/2016 | Book |
